UK manifesto for the EU Emissions Trading Scheme (EU ETS) (Record no. 106577)

MARC details
000 -LEADER
fixed length control field 01102cam a2200205 4500
001 - CONTROL NUMBER
control field L136998
008 - FIXED-LENGTH DATA ELEMENTS--GENERAL INFORMATION
fixed length control field 070308s2007 xxk f 000 0 eng d
035 ## - SYSTEM CONTROL NUMBER
System control number (Sirsi) u136998
041 0# - LANGUAGE CODE
Language code of text/sound track or separate title eng
050 04 - LIBRARY OF CONGRESS CALL NUMBER
Classification number 614.712 $2 18
110 2# - MAIN ENTRY--CORPORATE NAME
Corporate name or jurisdiction name as entry element United Kingdom
Subordinate unit Department for Environment, Food and Rural Affairs
245 00 - TITLE STATEMENT
Title UK manifesto for the EU Emissions Trading Scheme (EU ETS)
Medium [electronic resource]
260 ## - PUBLICATION, DISTRIBUTION, ETC.
Date of publication, distribution, etc. 2007
520 ## - SUMMARY, ETC.
Summary, etc. Covers the UK commitment to the EU Emissions Trading Scheme - the key part of the EU?s strategy for reducing emissions from industry. Invites business leaders, NGOs and other key stakeholders across Europe to sign up and to work in pressing Member State Governments and the EU institutions to put the EU Emissions Trading Scheme on a sound footing post-2012.
590 ## - LOCAL NOTE (RLIN)
Local note KA
651 #4 - SUBJECT ADDED ENTRY--GEOGRAPHIC NAME
Geographic name England and Wales
Chronological subdivision 1543-
690 ## - LOCAL SUBJECT ADDED ENTRY--TOPICAL TERM (OCLC, RLIN)
Topical term or geographic name as entry element ENVIRONMENTAL AND LAND CONSULTANCY-ENVIRONMENTAL MANAGEMENT
856 48 - ELECTRONIC LOCATION AND ACCESS
Uniform Resource Identifier <a href="https://www.defra.gov.uk/environment/climatechange/trading/eu/future/index.htm">https://www.defra.gov.uk/environment/climatechange/trading/eu/future/index.htm</a>
Public note View the manifesto free of charge online at www.defra.gov.uk...
942 ## - ADDED ENTRY ELEMENTS (KOHA)
Suppress in OPAC 0
Holdings
Withdrawn status Lost status Source of classification or shelving scheme Damaged status Not for loan Home library Current library Shelving location Date acquired Total Checkouts Full call number Barcode Date last seen Copy number Price effective from Koha item type
    Dewey Decimal Classification     Virtual Virtual Online 08/03/2007   ONLINE PUBLICATION 136998-1001 06/08/2019 1 06/08/2019 Book